00435 2200145 4500001002100000005001500021035002000036245010700056100003100163300001200194260003300206082001000239084001600249990002400265INLIS00000000000240520250528121344 a0010-05250006971 aPengkajian dan Penulisan Upacara Tradisonal di Wonosobo /cum.; Singgih Wiratno,S.H.; Drs. Nurshodiqi;0 aSinggih Wiratno,Nurshodiqi a150 hlm aSemarang :bCV. Kenza,c2005 a394.4 a394.4 SI p a0511359 s/d 0511383